La responsabilidad del fabricante: aplicación de la ley extranjera y normativa comunitaria
保存先:
| 第一著者: | |
|---|---|
| フォーマット: | 図書 |
| 言語: | スペイン語 |
| 出版事項: |
Madrid
Marcial Pons
1997
|
| シリーズ: | Colección Monografías Jurídicas
|
| 主題: | |
| タグ: |
タグ追加
タグなし, このレコードへの初めてのタグを付けませんか!
|
MARC
| LEADER | 00000nam a2200000 a 4500 | ||
|---|---|---|---|
| 001 | UCP2067 | ||
| 003 | CL-VaPUC | ||
| 008 | 990507e19970000SP |||||||||||||||||spa|d | ||
| 082 | 0 | 4 | |a 341.75 |b TOR |2 21 |
| 100 | 0 | |a Torralba Mendiola, Elisa C |e author |9 428508 | |
| 245 | 1 | 3 | |a La responsabilidad del fabricante: aplicación de la ley extranjera y normativa comunitaria |
| 300 | |a 250 p | ||
| 942 | |c BK | ||
| 945 | |d 19990507 00:00:00 |a rbrito | ||
| 260 | |a Madrid |b Marcial Pons |c 1997 | ||
| 600 | 0 | 7 | |a COMUNIDAD EUROPEA |2 CL-VaPUC |9 428509 |
| 650 | 0 | |a Derecho internacional privado |9 256361 | |
| 650 | 0 | |a Derecho comparado |9 255664 | |
| 650 | 7 | |a DERECHO EXTRANJERO |2 CL-VaPUC |9 428510 | |
| 583 | |a last modification |c 19990507 00:00:00 |k Rodrigo Vera | ||
| 490 | 0 | |a Colección Monografías Jurídicas | |
| 999 | |c 280667 |d 280665 | ||
| 952 | |0 0 |1 0 |4 0 |6 341_750000000000000_TOR_1997 |7 0 |8 A |9 321117 |a BIBDER |b BIBDER |d 2019-11-20 |i 3489221 |o 341.75 TOR 1997 |p 3489221 |r 2023-01-25 |w 2019-11-20 |y BK |k DER | ||